00914nam a2200205 i 450000100060000000300090000600500170001500700030003200800410003508000170007624500860009326000490017930000220022850000640025065000250031485202110033994200200055099900170057095201210058794155ES-MaACL20250407161903.0t|050628s1951 sp ||||1| spa d a526.9(075.3)00aApuntes de topografía Melocabo b: autorizados por el profesor de la signatura. aMadrid : b[s.n., c1951?] (fLit. E. Nieto) a331 p. ; c22 cm. aPrecede al tit.: Escuela de Peritos Industriales de Madrid. 79136936aTopografía aES-MaACLjD-6561 bR.31274bR.M.6152997663 cSVIfSello en tinta azul de la Biblioteca del Ateneo de Madrid. gAnotación manscrita a lápiz en portada: "28".xEncuadernación holandesa en piel granate. 2udccMONOGRAFIA c94155d94155 00104070aATENEOMbATENEOMcSVId2008-01-17eSCl0oD-6561p901098341r2023-02-23 00:00:00w2023-02-23yMONOGRAFIA